| 000 | 00739cam a22002292 4500 | ||
|---|---|---|---|
| 001 | 0000001769 | ||
| 005 | 20151217151827.0 | ||
| 008 | 070326s xx 000 0 eng d | ||
| 020 | _a0314028102 : | ||
| 040 |
_aKABU _cKABU |
||
| 050 | 0 |
_aHD38.2 _b.F36 |
|
| 100 | 1 |
_aFandt, Patricia M. _@0000150776 |
|
| 245 | 1 | 0 |
_aManagement skills : _bpractice and experience / _cPatricia M. Fandt. |
| 260 |
_aMinneapolis : _bWest Publishing Company, _cc1994. |
||
| 300 |
_axix, 490 p. : _bill. ; _c26 cm. |
||
| 650 | 0 |
_aExecutive ability. _@0000150694 |
|
| 650 | 0 |
_aCommunication in management. _@0000150639 |
|
| 650 | 0 |
_aBusiness communication. _@0000148326 |
|
| 908 | _a070326 | ||
| 950 | _@1 | ||
| 999 |
_c5443 _d5443 |
||